|
|
|
|
| LEADER |
03153nam a2200409Ka 4500 |
| 001 |
bslw06324357 |
| 003 |
UtOrBLW |
| 005 |
20101115152719.0 |
| 006 |
m d |
| 007 |
cr un||||||||| |
| 008 |
101115s2005 enk o 000 0 eng d |
| 020 |
|
|
|a 9781849503853 (electronic bk.) :
|c £70.95 ; €99.95 ; $117.95
|
| 040 |
|
|
|a UtOrBLW
|c UtOrBLW
|d GrThAP
|
| 050 |
|
4 |
|a HG4026
|b .D48 2005
|
| 072 |
|
7 |
|a KC
|2 bicssc
|
| 072 |
|
7 |
|a ECO
|2 bicssc
|
| 072 |
|
7 |
|a LAW009000
|2 bisacsh
|
| 072 |
|
7 |
|a SCI000000
|2 bisacsh
|
| 080 |
|
|
|a 330.526.33
|
| 082 |
0 |
4 |
|a 658.15
|2 22
|
| 245 |
0 |
0 |
|a Developments in litigation economics
|h [electronic resource] /
|c edited by Patrick A. Gaughan, Robert J. Thornton.
|
| 260 |
|
|
|a Bingley, U.K. :
|b Emerald,
|c 2005.
|
| 300 |
|
|
|a 1 online resource (viii, 325 p.).
|
| 490 |
1 |
|
|a Contemporary studies in economic and financial analysis,
|x 1569-3759 ;
|v v. 87
|
| 505 |
0 |
|
|a Litigation economics / Patrick A. Gaughan, Robert J. Thornton -- Recent developments in the measurement of labor market activity / Gary R. Skoog, James E. Ciecka -- Research and practice issues in personal injury and wrongful death damages analysis / Frank Slesnick, James Payne, Robert J. Thornton -- Economics and economists in merger antitrust enforcement / Lawrence J. White -- The economics of punitive damages : post State Farm v. Campbell / Patrick A. Gaughan -- New developments in business valuation / Patrick L. Anderson -- Securities fraud damages / Bradford Cornell, John I. Hirshleifer, John N. Haut -- Estimating economic loss for the multi-product business / Carroll Foster, Robert R. Trout -- Recent developments in the analysis of employment practices / Joan G. Haworth, Janet R. Thornton, Paul F. White -- The calculation and use of retirement age statistics : a recap since 1970 / Tamorah Hunt, Joyce Pickersgill, Herbert Rutemiller -- The forensic economics of medical monitoring damages in the United States / George A. Barrett, Michael L. Brookshire.
|
| 520 |
|
|
|a This book is a collection of original articles on recent developments in the rapidly growing field of litigation economics, also called forensic economics. The book spans the more popular areas of litigation economics including: personal-injury economic loss analysis, commercial damages analysis securities litigation, punitive damages, employment litigation and intellectual property litigation. The authors of the articles are respected leaders in their fields. This series: includes titles covering a wide range of topics within the fields of economics and finance. It is international in scope, and serves as an invaluable reference for those interested in these fields.
|
| 650 |
|
7 |
|a Law
|x Business & Financial.
|2 bisacsh
|
| 650 |
|
7 |
|a Science
|x General.
|2 bisacsh
|
| 650 |
|
7 |
|a Economics.
|2 bicssc
|
| 650 |
|
0 |
|a Business finance.
|
| 650 |
|
0 |
|a Business enterprises
|x Finance.
|
| 700 |
1 |
|
|a Gaughan, Patrick A.
|
| 700 |
1 |
|
|a Thornton, Robert J.
|
| 776 |
1 |
|
|z 9780762312702
|
| 830 |
|
0 |
|a Contemporary studies in economic and financial analysis ;
|v v. 87.
|
| 856 |
4 |
0 |
|u http://www.emeraldinsight.com/1569-3759/87
|z Full Text via HEAL-Link
|
| 913 |
|
|
|1 BMEbacklist
|